| 000 | 00436nam a2200169Ia 4500 | ||
|---|---|---|---|
| 008 | 190717s9999 xx 000 0 und d | ||
| 100 | _aAssociated Press | ||
| 245 | _aTrudeau: Canada to legalize marijuana on October 17/ | ||
| 245 | _cAssociated Press | ||
| 260 | _bThe Philippine Star | ||
| 260 | _c2018 | ||
| 300 | _aJune 22 | ||
| 440 | _aThe Philippine Star | ||
| 650 | _adrugs | ||
| 650 | _amarijuana | ||
| 650 | _aMedicine | ||
| 999 |
_c361988 _d361988 |
||